|
|
|
|
| LEADER |
00000nab a2200000 a 4500 |
| 001 |
vtls001006839 |
| 003 |
SK-MaSNL |
| 005 |
20260305040000.0 |
| 008 |
040720e19940831xo 0 slo |
| 035 |
|
|
|a RV7439
|
| 040 |
|
|
|a RVGKPD
|b slo
|c RVGKPD
|e AACR2
|
| 041 |
0 |
|
|a slo
|
| 044 |
|
|
|a xo
|c SK
|
| 080 |
|
|
|a 323.2 329.7
|2 1981
|
| 245 |
0 |
0 |
|a Sľubná perspektíva
|b Bardejovčanov nezdolal ani útlm stavebníctva
|
| 500 |
|
|
|a predstavitelia
|
| 500 |
|
|
|a priebeh
|
| 500 |
|
|
|a informácie
|
| 610 |
2 |
7 |
|a Hnutie za demokratické Slovensko
|2 RVGKPD
|9 14440
|
| 650 |
0 |
7 |
|a návšteva
|2 RVGKPD
|9 873891
|
| 651 |
|
7 |
|a Bardejov (Slovensko : okres)
|2 RVGKPD
|9 28620
|
| 651 |
|
7 |
|a Svidník (Slovensko : okres)
|2 RVGKPD
|9 28651
|
| 651 |
|
7 |
|a Rožňava (Slovensko : okres)
|2 RVGKPD
|9 19215
|
| 651 |
|
7 |
|a Michalovce (Slovensko : okres)
|2 RVGKPD
|9 19216
|
| 655 |
|
7 |
|a periodikum
|2 snkbucl
|9 29553
|
| 710 |
2 |
|
|a Hnutie za demokratické Slovensko
|4 aut
|9 14440
|
| 773 |
0 |
8 |
|t Lúč
|g Roč. 3, č.201, 31.8.1994, s. 12
|
| 852 |
|
|
|a ZVYKNI
|b KIS3GCP
|
| 999 |
|
|
|c 3336269
|d 3338199
|